| 000 | 00553nam a2200145 4500 | ||
|---|---|---|---|
| 008 | 151026b xxu||||| |||| 00| 0 eng d | ||
| 020 | _a0813920574 | ||
| 050 | _aAFR DT 365.65 .E37 1998 | ||
| 100 |
_aEhret, Christopher. _d1998. |
||
| 245 |
_aAn african classical age: _bEastern & southern Africa in world history, 1000 B.C. to A.D. 400. _cChristopher Ehret. |
||
| 260 |
_aUSA; _bUniversity press of virginia, _c1998. |
||
| 300 | _axvii, 354 p. | ||
| 650 | _aHistory. | ||
| 942 |
_2lcc _cSH_L_BOOKS _hAFR DT 365.65 .E37 1998 |
||
| 999 |
_c9328 _d9328 |
||